How You Live when you Die / (Record no. 193655)
[ view plain ]
| 000 -LEADER | |
|---|---|
| fixed length control field | 01044 a2200169 4500 |
| 003 - CONTROL NUMBER IDENTIFIER | |
| control field | Nust |
| 005 - DATE AND TIME OF LATEST TRANSACTION | |
| control field | 20230227122357.0 |
| 040 ## - CATALOGING SOURCE | |
| Transcribing agency | Nust |
| 082 ## - DEWEY DECIMAL CLASSIFICATION NUMBER | |
| Classification number | 291.23,DES |
| 100 ## - MAIN ENTRY--PERSONAL NAME | |
| Personal name | Shaw Desmond |
| 9 (RLIN) | 109593 |
| 245 ## - TITLE STATEMENT | |
| Title | How You Live when you Die / |
| Statement of responsibility, etc. | Shaw Desmond |
| 260 ## - PUBLICATION, DISTRIBUTION, ETC. | |
| Place of publication, distribution, etc. | London |
| Name of publisher, distributor, etc. | Rider and company |
| 300 ## - PHYSICAL DESCRIPTION | |
| Extent | vii:176 p.; |
| 505 ## - FORMATTED CONTENTS NOTE | |
| Formatted contents note | A World about Evidence (Page-15), Where is the Next World (Page-17), Death (Page-18), A Girl is Dead (Page-21), Death Normal or Violent (Page-24),The First Three Months (Page-36), Wireless (Page-42), Building by Mind (Page-46), The Aura (Page-50), Astral Travelling (Page-53), The Little Lesson on Vibration (Page-63), Where Music is Life (Page-69), The Astral Music (Page-76), Third Plane Politics (Page-89), War on the Astral (Page-94), Home and Family Over There (Page-122), Astral Love Story (Page-126), Religion after Death (Page-146), The Return to Earth (Page-154), Scientists Heaven (Page-159), The Land Where Dreams Come True (Page-172). |
| 650 ## - SUBJECT ADDED ENTRY--TOPICAL TERM | |
| Topical term or geographic name entry element | Life after death |
| 9 (RLIN) | 109594 |
| 942 ## - ADDED ENTRY ELEMENTS (KOHA) | |
| Source of classification or shelving scheme | |
| Koha item type | Book |
| Withdrawn status | Lost status | Source of classification or shelving scheme | Damaged status | Not for loan | Permanent Location | Current Location | Shelving location | Date acquired | Full call number | Barcode | Date last seen | Price effective from | Koha item type | Public note |
|---|---|---|---|---|---|---|---|---|---|---|---|---|---|---|
| Military College of Signals (MCS) | Military College of Signals (MCS) | General Stacks | 12/12/2016 | 291.23,DES | MCS29606 | 12/08/2016 | 12/12/2016 | Book | Almirah No.71, Shelf No.3 |
